| 000 | 00413cam a2200169ua 4500 | ||
|---|---|---|---|
| 020 | _c5.00 | ||
| 041 |
_amal _h |
||
| 082 |
_a954.83 _bDAM/KE |
||
| 100 | _aDamodharan, K . | ||
| 245 |
_aKerala charithram, Pracheena kalam / _cK.Damodharan. _hTextual Documents |
||
| 260 |
_aThrissur : _bCurrent Books , _c1962. |
||
| 300 | _a320 ; . | ||
| 365 | _a5.00 | ||
| 504 | _a | ||
| 942 | _cBK | ||
| 999 |
_c703 _d703 |
||